What kind of creatures are we?/ (Record no. 162823)

MARC details
000 -LEADER
fixed length control field 00641nam a22002057a 4500
005 - DATE AND TIME OF LATEST TRANSACTION
control field 20190327154623.0
010 ## - LCCN (DPL NO)
LC control number ENG-124948
020 ## - INTERNATIONAL STANDARD BOOK NUMBER
International Standard Book Number 9788193732939
Terms of availability 595.00
035 ## - SYSTEM CONTROL NUMBER
System control number EN-108480
037 ## - SOURCE OF ACQUISITION
Source of stock number/acquisition DBAD/PUB
082 ## - DEWEY DECIMAL CLASSIFICATION NUMBER
Classification number 401
100 ## - MAIN ENTRY--PERSONAL NAME
Personal name Chomsky, Noam
245 ## - TITLE STATEMENT
Title What kind of creatures are we?/
Statement of responsibility, etc by Noam Chomsky; foreword by Akeel Bilgrami
260 ## - PUBLICATION, DISTRIBUTION, ETC. (IMPRINT)
Place of publication, distribution, etc New Delhi (India)
Name of publisher, distributor, etc Tulika Books
Date of publication, distribution, etc 2018
270 ## - ADDRESS
Address 44, first floor, shahpur Jat,
City New Delhi (India)
Postal code 110049
300 ## - PHYSICAL DESCRIPTION
Extent 150p.
Dimensions 23cm.(Hb)
500 ## - GENERAL NOTE
General note It includes Notes and Index.
700 ## - ADDED ENTRY--PERSONAL NAME
Personal name Bilgrami, Akeel
942 ## - ADDED ENTRY ELEMENTS (KOHA)
Source of classification or shelving scheme Dewey Decimal Classification
Item type English Books
Call number suffix CHO
Classification part 401
Holdings
Withdrawn status Lost status Not for loan Collection code Home library Current library Date acquired Source of acquisition Cost, normal purchase price Full call number Barcode Copy number Cost, replacement price Koha item type
    Not For Loan Non-fiction D.B.Act.Division Patel Nagar 22/03/2019 DBAD/PUB 595.00 401 CHO EN-108480 1 595.00 English Books

© Delhi Public Library
Hit Counter
free hit counter